Sports Quiz

Random Sports Quiz

Boxing pseudonyms Quiz Stats

 Plays Quiz not verified by Sporcle

Score 0/33 Timer 06:00
0 Plays Today
Birth Name Known as % Correct
Cassius ClayMuhammad Ali
92.2%
Rocco MarchegianoRocky Marciano
70.2%
Walker SmithSugar Ray Robinson
69.4%
Joseph BarrowJoe Louis
51.8%
Archibald WrightArchie Moore
49.4%
Henry JacksonHenry Armstrong
47.8%
Benjamin LeinerBenny Leonard
36.3%
Stanislaus KiecalStanley Ketchel
35.9%
Avetik AbrahamyanArthur Abraham
35.9%
Arnold CreamJersey Joe Walcott
33.1%
Guglielmo PapaleoWillie Pep
32.7%
Thomas BarbellaRocky Graziano
31.4%
Anthony ZaleskiTony Zale
28.2%
Richard IhetuDick Tiger
25.3%
Joseph GantJoe Gans
23.3%
Beryl RasofskyBarney Ross
19.6%
Mafaufau SitaDavid Tua
19.6%
Birth Name Known as % Correct
Joseph ZukauskasJack Sharkey
17.1%
Gershon MendeloffTed 'Kid' Lewis
15.5%
Judah BergmanJack 'Kid' Berg
15.1%
Herbert MaduagwaHerbie Hide
14.7%
Adnan CaticFelix Sturm
14.7%
Noah BrussoTommy Burns
14.7%
Giuseppe BerardinelliJoey Maxim
13.9%
Edward GregoryEddie Mustafa Muhammad
13.5%
Louis D'AmbrosioLou Ambers
13.5%
Gerardo GonzálezKid Gavilan
13.1%
Eligio SardiniasKid Chocolate
11.4%
Maxwell LoachMatthew Saad Muhammad
10.6%
Norman SelbyKid McCoy
9.8%
Sura SaenkhamKhaosai Galaxy
8.6%
Carmine TilelliJoey Giardello
7.3%
Michael DiPianoMike Rossman
5.7%

You're not logged in!

Compare scores with friends on all Sporcle quizzes.
OR
Log In

Show Comments

Extras

Created Oct 19, 2010ReportNominate
Tags:alias, boxer, boxing, name, pseudonym

Top Quizzes Today


Score Distribution

Your Account Isn't Verified!

In order to create a playlist on Sporcle, you need to verify the email address you used during registration. Go to your Sporcle Settings to finish the process.

Report this User

Report this user for behavior that violates our Community Guidelines.

Details: